| 000 | 00480ntaaa2200193 4500 | ||
|---|---|---|---|
| 003 | 01 | ||
| 005 | 20251027201627.0 | ||
| 008 | 0714s1973 ag 01 | ||
| 040 |
_aAR-BaBN _bspa _cAR-BaBN _eaacr _dRIC |
||
| 082 | _a248.4000 So8 | ||
| 100 | _aSouthard, Samuel | ||
| 245 | _aThe imperfect disciple | ||
| 250 | _a1 ed. | ||
| 260 |
_aNashville : _bBroadman Press, _cc1968 |
||
| 300 | _a127 p | ||
| 500 | _aEstudio de la conducta cristiana | ||
| 650 | _avida cristiana | ||
| 942 | _cBK | ||
| 999 |
_c10915 _d10915 |
||